| 000 | 00611nam a2200217 a 4500 | ||
|---|---|---|---|
| 999 |
_c2770 _d2770 |
||
| 001 | 2770 | ||
| 003 | BD-JhCC | ||
| 005 | 20171106184532.0 | ||
| 008 | 171106s1977 bg |||| ||a| 00| 0 ben d | ||
| 035 | _a(BD-JhCC)2770 | ||
| 040 |
_aBD-JhCC _dBD-JhCC |
||
| 041 | _aben | ||
| 082 |
_a891.4435 _bTAJ 1977 |
||
| 100 | _aতাজাকলম | ||
| 245 |
_aচেনা মানুষের ইতিকথা / _cতাজাকলম |
||
| 260 |
_aঢাকা : _bমুক্তধারা, _c1977. |
||
| 300 |
_a134 p. : _c20 cm. |
||
| 650 | _aA Diary of a journalist | ||
| 942 |
_2ddc _cBK |
||